Taking humor seriously in children's literature : literature-based mini-units and humorous books for children ages 5-12

Αποθηκεύτηκε σε:
Λεπτομέρειες βιβλιογραφικής εγγραφής
Κύριος συγγραφέας: Roberts, Patricia 1936-
Μορφή: Βιβλίο
Γλώσσα:English
Δημοσίευση: Lanham : The Scarecrow Press, 1997
Σειρά:School library media series ; ; 11
Θέματα:
Ετικέτες: Προσθήκη ετικέτας
Δεν υπάρχουν, Καταχωρήστε ετικέτα πρώτοι!

MARC

LEADER 00000nam a2200000 i 4500
001 1/64334
008 041029s1997 eng d
020 |a 0-8108-3209-7 
035 |l 10074987 
040 |a GR-MY-UA  |b gre  |e aacr 
041 0 |a eng 
082 0 |a 809.89282 
100 1 |a Roberts, Patricia  |d 1936- 
245 1 0 |a Taking humor seriously in children's literature :  |b literature-based mini-units and humorous books for children ages 5-12 /  |c Patricia L. Roberts 
260 |a Lanham :   |b The Scarecrow Press,   |c 1997 
300 |a 217 p. 
490 1 |a School library media series  |v ; 11 
504 |a Includes bibliographical references and index 
650 0 0 |a Children's literature  |x History and criticism. 
650 0 0 |a Children  |x Books and reading. 
650 0 0 |a Humor in literature. 
830 0 |a School library media series ;  |v ; 11 
852 |a INST  |b RHODES  |e 20041029  |h 809.89282 ROB  |p 005400018247  |q 005400018247  |t BK  |y 0 
901 |a BIBL4-2004-3 
909 |a Ρ  |b 115131 
922 |a 4ΕΛΗ  |b 200410  |c ΕΠΕΑΕΚ2/ΤΕΠΑΕΣ  |d ΜΙΧΑΛΟΠΟΥΛΟΣ 
950 |a 096-2004-06-17 
970 |a ΚΟΥΛΑΚΙΟΤΗ  |b ΛΙΤΣΑ  |z 2004/10/29